Cataloging and classification : an introduction (Record no. 6869)

000 -LEADER
fixed length control field 00450 a2200169 4500
020 ## - INTERNATIONAL STANDARD BOOK NUMBER
International Standard Book Number 0-07-010506-5
020 ## - INTERNATIONAL STANDARD BOOK NUMBER
International Standard Book Number 0-07-113253-8
040 ## - CATALOGING SOURCE
Original cataloging agency DLC
Language of cataloging DLC
082 0# - DEWEY DECIMAL CLASSIFICATION NUMBER
Classification number 025.3
100 1# - MAIN ENTRY--PERSONAL NAME
Personal name Chan, Lois Mai
245 00 - TITLE STATEMENT
Title Cataloging and classification : an introduction
Statement of responsibility, etc. Lois Mai Chan
250 ## - EDITION STATEMENT
Edition statement 2. ed.
260 ## - PUBLICATION, DISTRIBUTION, ETC.
Place of publication, distribution, etc. New York :
Name of publisher, distributor, etc. McGraw-Hill,
Date of publication, distribution, etc. 1994
300 ## - PHYSICAL DESCRIPTION
Extent 519 s.
490 0# - SERIES STATEMENT
Series statement McGraw-Hill library science series
942 ## - ADDED ENTRY ELEMENTS (KOHA)
Koha item type Book
Call number prefix 025.3 CHA
Source of classification or shelving scheme
Holdings
Withdrawn status Lost status Damaged status Not for loan Collection code Permanent Location Current Location Shelving location Date acquired Source of acquisition Cost, normal purchase price Total Checkouts Full call number Barcode Date last seen Date last checked out Price effective from Koha item type
          Central Library (CL) Central Library (CL) First Floor - Journalism 10/27/2003 Allied Book Company 1065.93 2 025.3 CHA SEECS003897 11/25/2015 11/13/2015 01/05/2017 Book
© 2023 Central Library, National University of Sciences and Technology. All Rights Reserved.